000 00800nam a2200253Ia 4500
003 OSt
005 20220208172431.0
008 210716s1994 xx 000 0 und d
020 _a0030965882
040 _cAIMIT LIBRARY
041 _aeng
082 _a657.48
_27
_bSTIC
100 _aStickney, Clyde P.
_918193
245 _aFinancial accounting :
_ban introduction to concepts methods and uses /
_cBy Clyde P. Stickney and Roman L.Well.
250 _a7th ed.
260 _aNew York :
_bThe dryden press ,
_c1994.
300 _axxi, 887p,G-96,I-14
_c24 cm.
650 _aFinancial Accounting
_918194
650 _aBalance Sheet
_918195
650 _aIncome Statement
_918196
650 _aFinancial Statement
_918197
700 _aWell, Clyde L.
_918198
942 _2ddc
_cBK
_e7th
_k657.48 STIC
999 _c202958
_d202958